UBT Library

The World Wide Web and contemporary cultural theory / (Record no. 44377)

000 -LEADER
fixed length control field 00870cam a22002534a 4500
001 - CONTROL NUMBER
control field 12028074
005 - DATE AND TIME OF LATEST TRANSACTION
control field 20180308033518.0
008 - FIXED-LENGTH DATA ELEMENTS--GENERAL INFORMATION
fixed length control field 000602s2000 nyua b 001 0 eng
010 ## - LIBRARY OF CONGRESS CONTROL NUMBER
LC control number 00044643
020 ## - INTERNATIONAL STANDARD BOOK NUMBER
International Standard Book Number 0415925010
020 ## - INTERNATIONAL STANDARD BOOK NUMBER
International Standard Book Number 0415925029 (pbk.)
040 ## - CATALOGING SOURCE
Original cataloging agency DLC
Transcribing agency DLC
Modifying agency DLC
041 ## - LANGUAGE CODE
Language code of text/sound track or separate title eng
042 ## - AUTHENTICATION CODE
Authentication code pcc
080 ## - UNIVERSAL DECIMAL CLASSIFICATION NUMBER
Universal Decimal Classification number 306.46
082 00 - DEWEY DECIMAL CLASSIFICATION NUMBER
Classification number 306.46 HER
Edition number 21
100 ## - Rafti
Rafti 50
101 ## - Shkurtesa
Shkurtesa SOC
245 04 - TITLE STATEMENT
Title The World Wide Web and contemporary cultural theory /
Statement of responsibility, etc edited by Andrew Herman & Thomas Swiss.
504 ## - BIBLIOGRAPHY, ETC. NOTE
Bibliography, etc Includes bibliographical references (p. [277]-296) and index.
906 ## - LOCAL DATA ELEMENT F, LDF (RLIN)
a 7
b cbc
c orignew
d 1
e ocip
f 20
g y-gencatlg
942 ## - ADDED ENTRY ELEMENTS (KOHA)
Source of classification or shelving scheme
Item type Books
Holdings
Withdrawn status Lost status Source of classification or shelving scheme Damaged status Not for loan Collection code Permanent location Current location Shelving location Date acquired Total Checkouts Full call number Barcode Date last seen Price effective from Koha item type
          Koleksioni i përgjithshem UBT - Lipjan UBT - Lipjan Koleksioni i lëndeve mesimore 03/08/2018   306.46 HER 002-3000920 03/08/2018 03/08/2018 Books
UBT Library © 2015-2024. All rights reserved University Education for Business and Technology